[Event "Mitropa Cup 11th"]
[Site "Muerren"]
[Date "1987.??.??"]
[Round "1"]
[White "Eisterer, Heinrich"]
[Black "Seret, Jean Luc"]
[Result "0-1"]
[WhiteElo "2340"]
[BlackElo "2425"]
[PlyCount "81"]
[EventDate "1987.09.26"]
[EventType "team-tourn"]
[EventRounds "5"]
[EventCountry "SUI"]
[Source "ChessBase"]
[SourceDate "2000.11.22"]

1. d4 g6 2. c4 Bg7 3. Nc3 d6 4. e4 e5 5. dxe5 dxe5 6. Qxd8+ Kxd8 7. Nf3 Nd7 8.
Be3 c6 9. O-O-O Ke7 10. g3 Bh6 11. Bxh6 Nxh6 12. Bh3 f6 13. Rd2 Nc5 14. Bxc8
Raxc8 15. Rhd1 a5 16. Ne1 Nf7 17. f3 Rcd8 18. Rxd8 Nxd8 19. Nd3 Nxd3+ 20. Rxd3
Ne6 21. Ne2 h5 22. Ra3 b6 23. Rb3 Rb8 24. Rd3 Nc5 25. Rd1 g5 26. Nc3 g4 27. Rf1
Ke6 28. Kc2 b5 29. cxb5 cxb5 30. fxg4 hxg4 31. Re1 b4 32. Nd1 Rc8 33. Kd2 b3
34. axb3 Nxb3+ 35. Ke3 Rc1 36. Ke2 Rc2+ 37. Ke3 Rxh2 38. Nf2 Rg2 39. Nh1 Rxb2
40. Nf2 Nd4 41. Ra1 0-1

[Event "Mitropa Cup 11th"]
[Site "Muerren"]
[Date "1987.??.??"]
[Round "1"]
[White "Hickl, Joerg"]
[Black "Zueger, Beat"]
[Result "1-0"]
[WhiteElo "2455"]
[BlackElo "2405"]
[PlyCount "147"]
[EventDate "1987.09.26"]
[EventType "team-tourn"]
[EventRounds "5"]
[EventCountry "SUI"]
[Source "ChessBase"]
[SourceDate "2000.11.22"]

1. e4 e6 2. d3 d5 3. Nd2 Nf6 4. Ngf3 Nc6 5. c3 a5 6. Qc2 b6 7. e5 Nd7 8. d4
Ncb8 9. Bd3 h6 10. O-O Ba6 11. c4 c6 12. Re1 Be7 13. Nf1 Bxc4 14. Bxc4 dxc4 15.
Qxc4 b5 16. Qc2 Nb6 17. Ng3 Nd5 18. Bd2 Ra6 19. Re4 Kf8 20. h4 h5 21. Bg5 Nd7
22. Re2 g6 23. Ne4 Kg7 24. Rc1 Qb6 25. Qd1 Ra7 26. Bxe7 Nxe7 27. Nd6 Nc8 28.
Rec2 Nb8 29. Ne4 Ne7 30. Qd2 Nf5 31. Qg5 Qd8 32. Nf6 Qe7 33. Rc3 Nd7 34. d5
Nxf6 35. exf6+ Qxf6 36. dxc6 Qxg5 37. hxg5 Rc7 38. Rc5 Rb8 39. Ne5 Nd4 40. Rd1
Rd8 41. Kf1 Rd6 42. Rd3 Kf8 43. a4 bxa4 44. Rc4 a3 45. bxa3 Nf5 46. Rxd6 Nxd6
47. Rc5 Ra7 48. Ke2 Ke7 49. Kd3 Kd8 50. Nc4 Nxc4 51. Kxc4 Kc7 52. Kd4 Ra8 53.
Ke5 Rd8 54. Rxa5 Kxc6 55. a4 Rd2 56. f4 Rxg2 57. Ra7 Re2+ 58. Kf6 Re4 59. Rxf7
Rxf4+ 60. Kxg6 Rxa4 61. Kxh5 Ra1 62. g6 Kd5 63. Rf4 Ra7 64. Rg4 Rg7 65. Kh6 Rg8
66. Kh7 Ra8 67. g7 e5 68. g8=Q+ Rxg8 69. Rxg8 Ke4 70. Kg6 Kf3 71. Rf8+ Kg4 72.
Kf6 e4 73. Ke5 e3 74. Kd4 1-0

[Event "Mitropa Cup 11th"]
[Site "Muerren"]
[Date "1987.??.??"]
[Round "1"]
[White "Huss, Andreas"]
[Black "Schneider, Bernd"]
[Result "0-1"]
[WhiteElo "2400"]
[BlackElo "2380"]
[PlyCount "102"]
[EventDate "1987.09.26"]
[EventType "team-tourn"]
[EventRounds "5"]
[EventCountry "SUI"]
[Source "ChessBase"]
[SourceDate "2000.11.22"]

1. d4 g6 2. c4 Bg7 3. Nc3 d6 4. Nf3 Bg4 5. e3 c6 6. Be2 e5 7. dxe5 Bxf3 8. Bxf3
dxe5 9. Qxd8+ Kxd8 10. g4 Nd7 11. Ne4 Kc7 12. Bd2 Ngf6 13. Nxf6 Bxf6 14. Ba5+
b6 15. Bc3 e4 16. Bxe4 Bxc3+ 17. bxc3 Ne5 18. g5 Nxc4 19. O-O-O h6 20. h4 Rae8
21. Bd3 Ne5 22. Be2 b5 23. Rdg1 hxg5 24. hxg5 Nd7 25. Kc2 Nc5 26. a3 a6 27. c4
Ne6 28. Rxh8 Rxh8 29. cxb5 axb5 30. f4 Rh2 31. Re1 Kb6 32. Kc3 Rf2 33. Bg4 Nc5
34. Re2 Rf1 35. Ra2 Rb1 36. Kd4 Rb3 37. Ke5 Rxe3+ 38. Kf6 Re4 39. Rf2 Nd3 40.
Rf3 Nxf4 41. Kxf7 c5 42. Rf1 c4 43. Bd1 Kc5 44. Bc2 Rd4 45. Bxg6 Nxg6 46. Kxg6
c3 47. Kf7 Kc4 48. g6 c2 49. g7 Rg4 50. Rf6 Kb3 51. Rg6 Rxg6 0-1

[Event "Mitropa Cup 11th"]
[Site "Muerren"]
[Date "1987.??.??"]
[Round "1"]
[White "Kindermann, Stefan"]
[Black "Hug, Werner"]
[Result "1/2-1/2"]
[WhiteElo "2490"]
[BlackElo "2430"]
[PlyCount "49"]
[EventDate "1987.09.26"]
[EventType "team-tourn"]
[EventRounds "5"]
[EventCountry "SUI"]
[Source "ChessBase"]
[SourceDate "2000.11.22"]

1. d4 Nf6 2. c4 g6 3. Nc3 Bg7 4. e4 d6 5. Be2 O-O 6. Bg5 a6 7. Nf3 Bg4 8. O-O
Nc6 9. d5 Bxf3 10. Bxf3 Ne5 11. Be2 c6 12. dxc6 Nxc6 13. Rc1 Qa5 14. Be3 Rfc8
15. f3 Nd7 16. a3 Rab8 17. Rc2 Qd8 18. Nd5 e6 19. Nb4 Nxb4 20. axb4 Ne5 21. f4
Nc6 22. Qd2 Qe8 23. b5 axb5 24. cxb5 Nd4 25. Rxc8 1/2-1/2

[Event "Mitropa Cup 11th"]
[Site "Muerren"]
[Date "1987.??.??"]
[Round "1"]
[White "Schlosser, Michael"]
[Black "Roos, Daniel"]
[Result "0-1"]
[WhiteElo "2350"]
[BlackElo "2355"]
[PlyCount "104"]
[EventDate "1987.09.26"]
[EventType "team-tourn"]
[EventRounds "5"]
[EventCountry "SUI"]
[Source "ChessBase"]
[SourceDate "2000.11.22"]

1. e4 c6 2. d4 d5 3. Nd2 dxe4 4. Nxe4 Nf6 5. Nxf6+ gxf6 6. Nf3 Bf5 7. Bd3 Nd7
8. O-O Bg6 9. Bf4 Nb6 10. Re1 Qd5 11. b3 Qd7 12. c4 e6 13. Bg3 Bh6 14. Bf1 O-O
15. Bh4 Bg7 16. Qd2 Nc8 17. Rad1 Nd6 18. Ne5 Qc7 19. Ng4 Ne8 20. Bg3 Qd7 21.
Qf4 Rd8 22. Be2 h5 23. Ne3 f5 24. Bh4 Rc8 25. Nf1 Qc7 26. Qc1 Nf6 27. Bg3 Qa5
28. Be5 Rfd8 29. Qb2 Ne8 30. b4 Qa4 31. Bxg7 Nxg7 32. Rd3 a5 33. Rb3 axb4 34.
Rxb4 Qa5 35. Rd1 Ra8 36. Rd2 e5 37. dxe5 Ne6 38. Rxb7 Rxd2 39. Nxd2 Qxa2 40.
Bf1 f4 41. g3 Ra5 42. Qxa2 Rxa2 43. Nb3 f3 44. Rd7 Ra3 45. Nd2 c5 46. h4 Nd4
47. Bh3 Ra1+ 48. Kh2 Ra2 49. Nf1 Rxf2+ 50. Kg1 Rc2 51. Rc7 Be4 52. g4 hxg4 0-1

[Event "Mitropa Cup 11th"]
[Site "Muerren"]
[Date "1987.??.??"]
[Round "1"]
[White "Vaisman, Volodia"]
[Black "Miniboeck, Guenter"]
[Result "1-0"]
[WhiteElo "2400"]
[BlackElo "2315"]
[PlyCount "85"]
[EventDate "1987.09.26"]
[EventType "team-tourn"]
[EventRounds "5"]
[EventCountry "SUI"]
[Source "ChessBase"]
[SourceDate "2000.11.22"]

1. Nf3 c5 2. c4 Nc6 3. Nc3 Nf6 4. e3 e6 5. d4 d5 6. cxd5 exd5 7. Be2 cxd4 8.
Nxd4 Bd6 9. O-O O-O 10. b3 a6 11. Bb2 Re8 12. Nxc6 bxc6 13. Rc1 Bb8 14. Bf3 Qd6
15. g3 Bf5 16. Ne2 Ne4 17. Nd4 Bd7 18. Qc2 Ba7 19. Bg2 Rad8 20. Ba1 c5 21. Nf3
Qh6 22. Qb2 d4 23. exd4 cxd4 24. Rc7 Bb6 25. Rb7 Bc8 26. Rxb6 Qxb6 27. Nxd4 f6
28. h4 h6 29. b4 Bb7 30. a3 Kh8 31. Kh2 Nd6 32. Bxb7 Qxb7 33. Qc2 Rc8 34. Qd3
Nc4 35. Qg6 Qe4 36. Nf5 Rc7 37. Bxf6 gxf6 38. Qxf6+ Kg8 39. Qg6+ Kf8 40. Qxh6+
Kf7 41. Qg7+ Ke6 42. Qxc7 Kxf5 43. Qf7+ 1-0

[Event "Mitropa Cup 11th"]
[Site "Muerren"]
[Date "1987.??.??"]
[Round "1"]
[White "Wirthensohn, Heinz"]
[Black "Bischoff, Klaus"]
[Result "0-1"]
[WhiteElo "2435"]
[BlackElo "2460"]
[PlyCount "178"]
[EventDate "1987.09.26"]
[EventType "team-tourn"]
[EventRounds "5"]
[EventCountry "SUI"]
[Source "ChessBase"]
[SourceDate "2000.11.22"]

1. Nf3 c5 2. c4 e6 3. g3 b6 4. Bg2 Bb7 5. O-O Nf6 6. Nc3 d6 7. Re1 Be7 8. e4 a6
9. d4 cxd4 10. Nxd4 Qc7 11. b3 Nbd7 12. Bb2 O-O 13. Re2 Rfe8 14. Qe1 Bf8 15.
Rd1 Rac8 16. Ba1 Qb8 17. Kh1 Qa8 18. f3 Qb8 19. Nc2 Ba8 20. f4 Red8 21. Red2
Be7 22. Qe2 h6 23. Re1 Bb7 24. h3 Qa8 25. Kh2 Nc5 26. Bb2 Bf8 27. g4 Be7 28.
Kg1 Ne8 29. Red1 Bf6 30. Nd4 Qb8 31. Qe3 Qc7 32. Nde2 Nd7 33. Rc1 Ba8 34. Rdc2
Rb8 35. Nd1 Be7 36. Nf2 Nf8 37. f5 Bg5 38. Qg3 Qe7 39. Rf1 Nd7 40. Nd3 Nc5 41.
Nxc5 dxc5 42. Nf4 Bxf4 43. Qxf4 Rb7 44. Rcf2 Rbd7 45. fxe6 Qxe6 46. Qf5 Nd6 47.
Qxe6 fxe6 48. Re2 Nc8 49. h4 Rd3 50. Rf3 Ne7 51. h5 Rxf3 52. Bxf3 Nc6 53. Kg2
Nd4 54. Re1 e5 55. Kg3 Bc6 56. Bg2 Bd7 57. Bxd4 cxd4 58. b4 Ba4 59. Bf3 Rc8 60.
Rc1 d3 61. Bd1 Bxd1 62. Rxd1 Rxc4 63. Rxd3 Rxb4 64. Rd6 Kf7 65. Rc6 a5 66. g5
hxg5 67. Kg4 Rxe4+ 68. Kxg5 Ra4 69. Rxb6 Rxa2 70. Rb7+ Kg8 71. Ra7 Kh7 72. Kf5
Ra1 73. Kxe5 Rh1 74. Kf4 Rxh5 75. Kg4 Rb5 76. Ra6 Rb4+ 77. Kg3 a4 78. Kg2 g6
79. Ra5 Kh6 80. Kg1 g5 81. Kg2 Kh5 82. Ra8 Kg4 83. Ra5 Rb2+ 84. Kg1 Ra2 85. Rc5
Kh4 86. Rc4+ g4 87. Rc3 a3 88. Rd3 g3 89. Rd8 Rb2 0-1

[Event "Mitropa Cup 11th"]
[Site "Muerren"]
[Date "1987.??.??"]
[Round "2"]
[White "Bricard, Emmanuel"]
[Black "Nikolic, Zivoslav"]
[Result "0-1"]
[WhiteElo "2350"]
[BlackElo "2420"]
[PlyCount "128"]
[EventDate "1987.09.26"]
[EventType "team-tourn"]
[EventRounds "5"]
[EventCountry "SUI"]
[Source "ChessBase"]
[SourceDate "2000.11.22"]

1. e4 e6 2. Qe2 c5 3. f4 Nc6 4. Nf3 Nge7 5. c3 d5 6. d3 b6 7. Na3 g6 8. g3 Bg7
9. Bg2 O-O 10. O-O Ba6 11. e5 b5 12. b4 cxb4 13. cxb4 Nxb4 14. Rb1 Nbc6 15.
Nxb5 Rb8 16. a4 Qa5 17. Bd2 Qxa4 18. Nc3 Qa5 19. Ra1 Qc5+ 20. Kh1 Nb4 21. Na4
Qc2 22. Rfc1 Qxd3 23. Qf2 Qe2 24. Qxa7 Nec6 25. Qe3 Qxe3 26. Bxe3 Rfd8 27. Bb6
Rdc8 28. Be3 Be2 29. Nc5 Nd3 30. Nxd3 Bxd3 31. Nd4 Nxd4 32. Rxc8+ Rxc8 33. Bxd4
h5 34. Kg1 Bf8 35. Rd1 Be2 36. Rd2 Rc1+ 37. Kf2 Bc4 38. Bf3 Bb4 39. Rb2 Be1+
40. Ke3 Kh7 41. f5 Bc3 42. Bxc3 Rxc3+ 43. Kf2 exf5 44. Rd2 Kg7 45. h4 Kf8 46.
Bxd5 Bxd5 47. Rxd5 Ke7 48. Ra5 Ke6 49. Rb5 Rd3 50. Ra5 Rd5 51. Ra7 Rxe5 52.
Ra6+ Ke7 53. Ra7+ Kf6 54. Ra6+ Re6 55. Ra7 Re4 56. Kf3 Rg4 57. Ra6+ Kg7 58. Ra1
f4 59. gxf4 Rxh4 60. Kg3 Rg4+ 61. Kf3 f5 62. Rb1 h4 63. Rh1 Kh6 64. Rh3 Kh5 0-1

[Event "Mitropa Cup 11th"]
[Site "Muerren"]
[Date "1987.??.??"]
[Round "2"]
[White "Damljanovic, Branko"]
[Black "Roos, Daniel"]
[Result "1-0"]
[WhiteElo "2500"]
[BlackElo "2355"]
[PlyCount "145"]
[EventDate "1987.09.26"]
[EventType "team-tourn"]
[EventRounds "5"]
[EventCountry "SUI"]
[Source "ChessBase"]
[SourceDate "2000.11.22"]

1. Nf3 Nf6 2. c4 g6 3. Nc3 d5 4. d4 Bg7 5. Bg5 Ne4 6. cxd5 Nxg5 7. Nxg5 e6 8.
Nf3 exd5 9. b4 Be6 10. e3 Nd7 11. Rc1 O-O 12. Bd3 Qe7 13. b5 Rfc8 14. O-O c5
15. bxc6 bxc6 16. Ba6 Rcb8 17. Na4 Qd6 18. Nc5 Nxc5 19. Rxc5 Rb6 20. Qa4 Bd7
21. Bd3 Qb8 22. Qd1 Rb2 23. Rc2 Rb4 24. Nd2 Bf8 25. Nb3 Bd6 26. Nc5 Bc8 27. h3
Qc7 28. Na6 Bxa6 29. Bxa6 Qb6 30. Be2 Rb8 31. g3 Ra4 32. Kg2 Ra5 33. Bf3 Rd8
34. Qe2 Ba3 35. Rd1 Rb5 36. Rd3 Bf8 37. h4 h5 38. Rd1 Rd6 39. Qd2 Rf6 40. Be2
Rb4 41. Rdc1 Qb7 42. Qd3 Ra4 43. Bd1 Rb4 44. Re2 Rd6 45. Bb3 Kg7 46. Rec2 Kh7
47. Kg1 Rf6 48. Rc3 Qd7 49. Qc2 Rb6 50. Ba4 Qh3 51. Qe2 Bd6 52. Qf1 Qxf1+ 53.
Rxf1 Bb4 54. Rc2 Ra6 55. Bb3 Kg7 56. Rb1 Ba3 57. Rc3 Rd6 58. Kf1 Kf8 59. Bc2
Rd7 60. Rbb3 Bd6 61. Bd3 Rxa2 62. Rxc6 a5 63. Rb5 Be7 64. Bb1 Ra1 65. Rc2 Bb4
66. Rb2 Ke7 67. Kg2 Kd6 68. Ba2 Kc6 69. Rb8 Rc1 70. Rc8+ Rc7 71. Rxc7+ Kxc7 72.
Bxd5 f5 73. Kf3 1-0

[Event "Mitropa Cup 11th"]
[Site "Muerren"]
[Date "1987.??.??"]
[Round "2"]
[White "Hug, Werner"]
[Black "Eisterer, Heinrich"]
[Result "1-0"]
[WhiteElo "2430"]
[BlackElo "2340"]
[PlyCount "43"]
[EventDate "1987.09.26"]
[EventType "team-tourn"]
[EventRounds "5"]
[EventCountry "SUI"]
[Source "ChessBase"]
[SourceDate "2000.11.22"]

1. Nf3 Nf6 2. g3 d5 3. Bg2 c6 4. O-O Bg4 5. d4 Nbd7 6. Nbd2 e6 7. Re1 Be7 8. e4
dxe4 9. Nxe4 O-O 10. c3 Nxe4 11. Rxe4 Bf5 12. Re1 Qb6 13. a4 a5 14. Nd2 Bd3 15.
Nf1 Qa6 16. Bf4 Rfe8 17. h4 Bf6 18. Re3 Bc4 19. Nd2 e5 20. dxe5 Bxe5 21. Nxc4
Bxf4 22. Rxe8+ 1-0

[Event "Mitropa Cup 11th"]
[Site "Muerren"]
[Date "1987.??.??"]
[Round "2"]
[White "Huss, Andreas"]
[Black "Schlosser, Michael"]
[Result "0-1"]
[WhiteElo "2400"]
[BlackElo "2350"]
[PlyCount "82"]
[EventDate "1987.09.26"]
[EventType "team-tourn"]
[EventRounds "5"]
[EventCountry "SUI"]
[Source "ChessBase"]
[SourceDate "2000.11.22"]

1. d4 Nf6 2. c4 g6 3. Nc3 Bg7 4. e4 d6 5. Nf3 O-O 6. Be2 e5 7. d5 a5 8. Be3 Ng4
9. Bg5 f6 10. Bh4 Qe8 11. Nd2 Nh6 12. f3 f5 13. Bf2 Na6 14. a3 Bd7 15. Nb5 Nf7
16. exf5 gxf5 17. Be3 Bh6 18. Bxh6 Nxh6 19. O-O Qe7 20. Rc1 Kh8 21. Re1 Qh4 22.
Bf1 Rf6 23. g3 Rg8 24. Bg2 Qg5 25. Nc3 Nf7 26. Nf1 h5 27. Rc2 h4 28. Rf2 hxg3
29. hxg3 Rh6 30. f4 Qg6 31. fxe5 dxe5 32. b4 axb4 33. axb4 Nxb4 34. c5 f4 35.
Be4 Qg7 36. Qb1 Ng5 37. Qxb4 fxg3 38. Nxg3 Nh3+ 39. Kf1 Qxg3 40. Nd1 Nxf2 41.
Nxf2 Rf6 0-1

[Event "Mitropa Cup 11th"]
[Site "Muerren"]
[Date "1987.??.??"]
[Round "2"]
[White "Matulovic, Milan"]
[Black "Seret, Jean Luc"]
[Result "0-1"]
[WhiteElo "2425"]
[BlackElo "2425"]
[PlyCount "102"]
[EventDate "1987.09.26"]
[EventType "team-tourn"]
[EventRounds "5"]
[EventCountry "SUI"]
[Source "ChessBase"]
[SourceDate "2000.11.22"]

1. e4 d6 2. d4 Nf6 3. Nc3 g6 4. Nf3 Bg7 5. Be2 O-O 6. O-O c6 7. h3 Nbd7 8. e5
dxe5 9. dxe5 Nd5 10. Nxd5 cxd5 11. Bf4 Qc7 12. Qxd5 Qxc2 13. Bb5 Nb6 14. Qd4
Bf5 15. Rfd1 Rfc8 16. a4 Qc5 17. Qd2 Nc4 18. Qc3 Be6 19. b3 Nxe5 20. Rd8+ Rxd8
21. Qxc5 Nxf3+ 22. gxf3 Bxa1 23. Qxe7 Bxb3 24. Qxb7 Bd5 25. Bc6 Bxc6 26. Qxc6
Rac8 27. Qb7 Rc4 28. Be3 Rxa4 29. Bxa7 Bd4 30. Qe7 Rf8 31. Bxd4 Rxd4 32. Kg2
Rf4 33. Kg3 Rf5 34. h4 h5 35. Qe3 Kh7 36. Qb3 Re8 37. Qc3 Re6 38. Qd4 Ref6 39.
f4 Kg7 40. Qe4 Rxf4 41. Qxf4 Rxf4 42. Kxf4 Kf6 43. f3 g5+ 44. hxg5+ Kg6 45. Kg3
Kxg5 46. f4+ Kf5 47. Kh4 Kxf4 48. Kxh5 f5 49. Kh4 Ke3 50. Kg3 f4+ 51. Kg2 Kd2
0-1

[Event "Mitropa Cup 11th"]
[Site "Muerren"]
[Date "1987.??.??"]
[Round "2"]
[White "Miniboeck, Guenter"]
[Black "Wirthensohn, Heinz"]
[Result "1/2-1/2"]
[WhiteElo "2315"]
[BlackElo "2435"]
[PlyCount "96"]
[EventDate "1987.09.26"]
[EventType "team-tourn"]
[EventRounds "5"]
[EventCountry "SUI"]
[Source "ChessBase"]
[SourceDate "2000.11.22"]

1. d4 Nf6 2. c4 e6 3. Nf3 d5 4. Nc3 Bb4 5. Bg5 Nbd7 6. cxd5 exd5 7. e3 c5 8.
Bd3 Qa5 9. Qc2 c4 10. Bf5 O-O 11. O-O Re8 12. Nd2 g6 13. Bh3 Bxc3 14. bxc3 Ne4
15. Nxe4 dxe4 16. Bh6 Nf6 17. Bxc8 Raxc8 18. f3 Re6 19. Qf2 Qh5 20. fxe4 Qxh6
21. e5 Rce8 22. exf6 Qxe3 23. Qxe3 Rxe3 24. Rac1 Kf8 25. Rf2 Re1+ 26. Rf1 Rxf1+
27. Rxf1 Re3 28. Rf3 Rxf3 29. gxf3 Ke8 30. Kf2 Kd7 31. Ke3 Ke6 32. Ke4 Kd6 33.
f4 b5 34. a3 Ke6 35. d5+ Kd6 36. Kd4 a6 37. h3 h6 38. h4 h5 39. Ke4 Kd7 40. Kd4
Kd6 41. Ke4 Kd7 42. Ke5 Kc7 43. f5 gxf5 44. Kxf5 Kd6 45. Ke4 Kd7 46. Ke5 Kc7
47. Kd4 Kd6 48. Ke4 Kd7 1/2-1/2

[Event "Mitropa Cup 11th"]
[Site "Muerren"]
[Date "1987.??.??"]
[Round "2"]
[White "Stull, Norbert"]
[Black "Kindermann, Stefan"]
[Result "0-1"]
[WhiteElo "2250"]
[BlackElo "2490"]
[PlyCount "100"]
[EventDate "1987.09.26"]
[EventType "team-tourn"]
[EventRounds "5"]
[EventCountry "SUI"]
[Source "ChessBase"]
[SourceDate "2000.11.22"]

1. d4 Nf6 2. c4 d6 3. Nc3 Bf5 4. Nf3 g6 5. Qb3 Qc8 6. Bf4 Bg7 7. e3 O-O 8. Be2
c5 9. O-O Ne4 10. Nxe4 Bxe4 11. Nd2 Bf5 12. Bf3 Nc6 13. dxc5 dxc5 14. Qb5 Rd8
15. Ne4 Bd7 16. Qxc5 Bxb2 17. Rab1 Bg7 18. Rfd1 h6 19. Qa3 g5 20. Bg3 Bf5 21.
Rxd8+ Qxd8 22. Rd1 Qb6 23. h3 Rd8 24. Rxd8+ Qxd8 25. Qb3 Qc8 26. Qb5 g4 27.
hxg4 Bxg4 28. Nd2 Bxf3 29. Nxf3 Qd7 30. Qh5 Qd1+ 31. Kh2 Qc2 32. Nh4 e6 33. Bf4
Qxf2 34. Nf3 Qxa2 35. Bxh6 Bxh6 36. Qxh6 Qc2 37. Qg5+ Kf8 38. Qc5+ Kg8 39. Qg5+
Qg6 40. Qb5 Qh6+ 41. Kg3 Qxe3 42. Qxb7 Qc5 43. Qb5 Qd6+ 44. Kf2 Kf8 45. Ke3 Ke7
46. g4 Qa3+ 47. Ke4 Qxf3+ 48. Kxf3 Nd4+ 49. Ke4 Nxb5 50. cxb5 f6 0-1

[Event "Mitropa Cup 11th"]
[Site "Muerren"]
[Date "1987.??.??"]
[Round "2"]
[White "Titz, Heimo"]
[Black "Gobet, Fernand"]
[Result "0-1"]
[WhiteElo "2290"]
[BlackElo "2310"]
[PlyCount "54"]
[EventDate "1987.09.26"]
[EventType "team-tourn"]
[EventRounds "5"]
[EventCountry "SUI"]
[Source "ChessBase"]
[SourceDate "2000.11.22"]

1. c4 Nf6 2. Nf3 e6 3. g3 d5 4. Bg2 Be7 5. O-O O-O 6. d4 Nbd7 7. Qc2 c6 8. Rd1
b6 9. Ne5 Nxe5 10. dxe5 Ng4 11. Bf4 Bc5 12. e3 f6 13. cxd5 fxe5 14. dxc6 Qf6
15. Nc3 exf4 16. gxf4 e5 17. Nd5 Qh4 18. h3 exf4 19. hxg4 f3 20. Nf4 Rxf4 21.
exf4 fxg2 22. Qb3+ Kh8 23. Kxg2 Qxf2+ 24. Kh3 Bxg4+ 25. Kxg4 Qg2+ 26. Kf5 Qg6+
27. Ke5 Re8+ 0-1

[Event "Mitropa Cup 11th"]
[Site "Muerren"]
[Date "1987.??.??"]
[Round "2"]
[White "Vaisman, Volodia"]
[Black "Raicevic, Vladimir"]
[Result "1/2-1/2"]
[WhiteElo "2400"]
[BlackElo "2460"]
[PlyCount "91"]
[EventDate "1987.09.26"]
[EventType "team-tourn"]
[EventRounds "5"]
[EventCountry "SUI"]
[Source "ChessBase"]
[SourceDate "2000.11.22"]

1. d4 d5 2. Nf3 c5 3. e3 Nc6 4. c4 e6 5. Nc3 Nf6 6. Bd3 a6 7. O-O dxc4 8. Bxc4
b5 9. Bb3 Bb7 10. Qe2 Bd6 11. Rd1 Qe7 12. dxc5 Bxc5 13. Bd2 O-O 14. Rac1 Bb6
15. Bc2 h6 16. Ne4 Nd5 17. Bb1 Rad8 18. a3 f5 19. Nc3 Nxc3 20. Bxc3 Rxd1+ 21.
Rxd1 Rd8 22. Ba2 Rd6 23. Rxd6 Qxd6 24. Qd2 Qe7 25. Ne5 Nxe5 26. Bxe5 Kh7 27.
Qd6 Qxd6 28. Bxd6 Bd5 29. Bxd5 exd5 30. b3 d4 31. exd4 Bxd4 32. Kf1 Kg6 33. Ke2
Kf6 34. h3 Ke6 35. Bf8 h5 36. f3 Kd5 37. Kd3 g6 38. a4 bxa4 39. bxa4 Bc5 40.
Bg7 Bd6 41. Bd4 Bb4 42. Bg7 Be1 43. Bd4 Bg3 44. Ba7 Bh4 45. Bd4 Be1 46. Bb6
1/2-1/2

[Event "Mitropa Cup 11th"]
[Site "Muerren"]
[Date "1987.??.??"]
[Round "3"]
[White "Eisterer, Heinrich"]
[Black "Stull, Norbert"]
[Result "1-0"]
[WhiteElo "2340"]
[BlackElo "2250"]
[PlyCount "85"]
[EventDate "1987.09.26"]
[EventType "team-tourn"]
[EventRounds "5"]
[EventCountry "SUI"]
[Source "ChessBase"]
[SourceDate "2000.11.22"]

1. d4 Nf6 2. c4 g6 3. Nc3 Bg7 4. e4 d6 5. f3 O-O 6. Be3 Nc6 7. Nge2 a6 8. Qd2
Rb8 9. Nc1 e5 10. d5 Nd4 11. N1e2 c5 12. dxc6 Nxc6 13. Nc1 Be6 14. Nb3 Rc8 15.
Nd5 Bxd5 16. cxd5 Ne7 17. g3 Nh5 18. Bh3 f5 19. O-O Rc4 20. Na5 Ra4 21. Nxb7
Qc7 22. b3 f4 23. Be6+ Kh8 24. gxf4 exf4 25. Bf2 Bxa1 26. Rxa1 Rxe4 27. fxe4
Qxb7 28. Bd4+ Ng7 29. Qc3 Ng8 30. Rc1 Qe7 31. Kf1 Nf6 32. Qc7 Qe8 33. Qxd6 Nxe4
34. Qxf8+ Qxf8 35. Rc8 Qxc8 36. Bxc8 a5 37. Be5 Kg8 38. d6 Nc5 39. d7 Nge6 40.
Bf6 Nd3 41. d8=Q+ Nxd8 42. Bxd8 Kf7 43. Bxa5 1-0

[Event "Mitropa Cup 11th"]
[Site "Muerren"]
[Date "1987.??.??"]
[Round "3"]
[White "Hickl, Joerg"]
[Black "Damljanovic, Branko"]
[Result "1-0"]
[WhiteElo "2455"]
[BlackElo "2500"]
[PlyCount "73"]
[EventDate "1987.09.26"]
[EventType "team-tourn"]
[EventRounds "5"]
[EventCountry "SUI"]
[Source "ChessBase"]
[SourceDate "2000.11.22"]

1. e4 c5 2. c3 Nf6 3. d3 Nc6 4. Nf3 g6 5. Nbd2 Bg7 6. a3 O-O 7. Be2 d5 8. O-O
Qc7 9. Re1 Rd8 10. Bf1 e5 11. b4 c4 12. dxc4 Nxe4 13. Nxe4 dxe4 14. Nd2 f5 15.
c5 Be6 16. Qc2 Qf7 17. a4 Rd7 18. b5 Na5 19. c4 Rad8 20. Qc3 e3 21. Qxe3 e4 22.
Rb1 Bd4 23. Qa3 Nxc4 24. Nxc4 Bxc4 25. Bf4 Bxf1 26. Rxf1 Qd5 27. Rbc1 Rc8 28.
Rfd1 Qe6 29. Bd6 Bf6 30. c6 bxc6 31. bxc6 Rf7 32. Qc5 Kg7 33. g3 g5 34. Rd5 Kg6
35. Be5 f4 36. Bxf6 Kxf6 37. Rd6 1-0

[Event "Mitropa Cup 11th"]
[Site "Muerren"]
[Date "1987.??.??"]
[Round "3"]
[White "Kindermann, Stefan"]
[Black "Matulovic, Milan"]
[Result "1-0"]
[WhiteElo "2490"]
[BlackElo "2425"]
[PlyCount "109"]
[EventDate "1987.09.26"]
[EventType "team-tourn"]
[EventRounds "5"]
[EventCountry "SUI"]
[Source "ChessBase"]
[SourceDate "2000.11.22"]

1. e4 c5 2. Nf3 Nc6 3. d4 cxd4 4. Nxd4 Qc7 5. Nc3 e6 6. g3 a6 7. Bg2 d6 8. O-O
Bd7 9. a4 Nf6 10. Nb3 b6 11. f4 Rb8 12. Qe2 Nb4 13. g4 Bc8 14. Be3 Nd7 15. Rad1
Be7 16. g5 O-O 17. Rf3 Re8 18. Rh3 g6 19. Qf2 Bb7 20. Rf1 Ba8 21. Bd4 Nf8 22.
Nd1 Bd8 23. Ne3 e5 24. Ng4 Qxc2 25. Nh6+ Kg7 26. fxe5 Qxf2+ 27. Rxf2 Ne6 28.
Rxf7+ Kh8 29. exd6+ Nxd4 30. Nxd4 Bxg5 31. d7 Re7 32. Rg3 Bh4 33. Rg4 Rxf7 34.
Nxf7+ Kg8 35. Nh6+ Kf8 36. Rxh4 Ke7 37. Rf4 Kxd7 38. e5 Bxg2 39. Rf7+ Ke8 40.
Rxh7 Rd8 41. Rh8+ Ke7 42. Rxd8 Kxd8 43. Kxg2 Nd3 44. e6 Ke7 45. b3 b5 46. a5 b4
47. Kf3 Nc5 48. Kf4 Nxe6+ 49. Nxe6 Kxe6 50. Ke4 Kd6 51. h4 Kc5 52. Ng4 Kb5 53.
Kd5 Kxa5 54. Kc5 g5 55. Ne5 1-0

[Event "Mitropa Cup 11th"]
[Site "Muerren"]
[Date "1987.??.??"]
[Round "3"]
[White "Nikolic, Zivoslav"]
[Black "Graf, Juergen"]
[Result "1-0"]
[WhiteElo "2420"]
[BlackElo "2405"]
[PlyCount "85"]
[EventDate "1987.09.26"]
[EventType "team-tourn"]
[EventRounds "5"]
[EventCountry "SUI"]
[Source "ChessBase"]
[SourceDate "2000.11.22"]

1. d4 Nf6 2. Nf3 g6 3. Bg5 Bg7 4. Nbd2 h6 5. Bxf6 Bxf6 6. c3 O-O 7. e3 b6 8.
Qc2 Bg7 9. O-O-O d5 10. Ne5 c5 11. f4 c4 12. e4 b5 13. Be2 Nd7 14. h4 Nf6 15.
h5 Nxh5 16. Bxh5 gxh5 17. Rxh5 Qe8 18. Rdh1 f6 19. Nef3 Be6 20. exd5 Bg4 21.
R5h4 Qd7 22. Nf1 Bf5 23. Qd2 b4 24. Ne3 Bd3 25. Ne1 bxc3 26. Qxc3 Rfc8 27. Kd2
Qa4 28. Nxd3 cxd3 29. Qxd3 Qxa2 30. Qa3 Qxa3 31. bxa3 Rab8 32. Nf5 Rb2+ 33. Kd3
Bf8 34. Nxh6+ Bxh6 35. Rxh6 Rcc2 36. g4 Rd2+ 37. Ke4 Kf7 38. Rh8 Re2+ 39. Kf5
e6+ 40. dxe6+ Ke7 41. R1h7+ Kd6 42. Rd7+ Kc6 43. Rc8+ 1-0

[Event "Mitropa Cup 11th"]
[Site "Muerren"]
[Date "1987.??.??"]
[Round "3"]
[White "Raicevic, Vladimir"]
[Black "Bischoff, Klaus"]
[Result "1/2-1/2"]
[WhiteElo "2460"]
[BlackElo "2460"]
[PlyCount "66"]
[EventDate "1987.09.26"]
[EventType "team-tourn"]
[EventRounds "5"]
[EventCountry "SUI"]
[Source "ChessBase"]
[SourceDate "2000.11.22"]

1. d4 e6 2. c4 f5 3. Nf3 Nf6 4. g3 Be7 5. Bg2 O-O 6. O-O Ne4 7. Nfd2 d5 8. b3
Bf6 9. Bb2 c5 10. cxd5 exd5 11. Nf3 Nc6 12. e3 f4 13. Ne5 fxe3 14. fxe3 cxd4
15. Nxc6 bxc6 16. Bxe4 dxe4 17. Bxd4 Bh3 18. Bxf6 Rxf6 19. Re1 Qa5 20. b4 Qf5
21. Qe2 Raf8 22. Nd2 Qf2+ 23. Qxf2 Rxf2 24. Nxe4 Rg2+ 25. Kh1 Rb2 26. Kg1 Rg2+
27. Kh1 Rb2 28. Kg1 h6 29. Rad1 Rg2+ 30. Kh1 Rc2 31. Kg1 Bg2 32. Nd2 Bh3 33.
Ne4 Rg2+ 1/2-1/2